Statistics for Biggest Nordic cities

Click here to take the quiz!

General Stats

  • This quiz has been taken 37 times
  • The average score is 11 of 13

Answer Stats

HintAnswer% Correct
SwedenStockholm
100%
DenmarkCopenhagen
100%
NorwayOslo
100%
FinlandHelsinki
97%
IcelandReykjavik
94%
SwedenMalmo
91%
SwedenGothenburg
89%
NorwayBergen
80%
DenmarkAarhus
77%
FinlandTurku
66%
NorwayTrondheim
66%
FinlandTampere
57%
NorwayStavanger
40%

Score Distribution

Percentile by Number Answered

Percent of People with Each Score

Your Score History

You have not taken this quiz